|
|
|
|
| LEADER |
00000nam a22000007a 4500 |
| 008 |
210426b ||||| |||| 00| 0 eng d |
| 020 |
|
|
|a 0-19-431386-7
|
| 245 |
|
|
|a OXFORD wordpower dictionary
|g xii, 746p.; ill.
|
| 250 |
|
|
|c Sally Wehmejer
|
| 260 |
|
|
|b Oxford
|c 1998
|h Oxford University Press
|i 643705
|l PE1628 .Ox2
|m English language - Dictionaries
|m English language - Synonyms and antonyms.
|
| 942 |
|
|
|a lcc
|c BK
|e Ogunmilade, F.T.
|f 26/04/2021
|
| 952 |
|
|
|0 0
|1 0
|2 lcc
|4 0
|6 PE1628 O X2
|7 0
|9 2307
|a HOL
|b HOL
|c LP
|d 2021-04-26
|l 0
|o PE1628 .Ox2
|p 2021-6161
|r 2021-04-26 00:00:00
|w 2021-04-26
|y BK
|
| 999 |
|
|
|c 1188
|d 1188
|